Countries that had an HDI decrease between 2010 and 2020 - Statistics

General Stats
  • This quiz has been taken 57 times
  • The average score is 4 of 7
Answer Stats
Decrease % Answer % Correct
1,87 Syria
85%
0,82 Yemen
77%
0,69 Venezuela
65%
1,08 Libya
48%
0,12 Jordan
35%
0,32 Lebanon
35%
0,40 East Timor
6%
No matching quizzes found
Score Distribution
Percent of People with Each Score
Percentile by Number Answered
Your Score History
You have not taken this quiz